| 000 | 00416nam a22001697a 4500 | ||
|---|---|---|---|
| 003 | MACL | ||
| 005 | 20160114122711.0 | ||
| 008 | 160114b xxu||||| |||| 00| 0 eng d | ||
| 040 | _cMACL | ||
| 041 | _aEnglish | ||
| 082 | _a001 | ||
| 100 |
_aDr.Jain&Lal _932143 |
||
| 245 | _aCombined Graduate Level Examinations | ||
| 260 |
_aAgra _bUpkar Prakashan _c2015 |
||
| 650 |
_a S.S.C.C.G.L.E _932144 |
||
| 942 |
_2ddc _cBK |
||
| 999 |
_c52181 _d52181 |
||